Frankenstein / (Record no. 3910)
[ view plain ]
| 000 -LEADER | |
|---|---|
| fixed length control field | 00779nam a22002537a 4500 |
| 001 - CONTROL NUMBER | |
| control field | 3910 |
| 003 - CONTROL NUMBER IDENTIFIER | |
| control field | FISKH |
| 005 - DATE AND TIME OF LATEST TRANSACTION | |
| control field | 20240813110330.0 |
| 008 - FIXED-LENGTH DATA ELEMENTS--GENERAL INFORMATION | |
| fixed length control field | 240523b cb ||||| |||| 00| 0 eng d |
| 040 ## - CATALOGING SOURCE | |
| Original cataloging agency | FISK |
| Language of cataloging | eng |
| Transcribing agency | FISK |
| Modifying agency | FISK |
| 050 ## - LIBRARY OF CONGRESS CALL NUMBER | |
| Classification number | PR5397.F7 |
| 082 ## - DEWEY DECIMAL CLASSIFICATION NUMBER | |
| Classification number | 823.7 |
| 100 ## - MAIN ENTRY--PERSONAL NAME | |
| Personal name | Shelley Mary |
| Dates associated with a name | 1797-1851 |
| 245 ## - TITLE STATEMENT | |
| Title | Frankenstein / |
| Statement of responsibility, etc. | Mary Shelley |
| 260 ## - PUBLICATION, DISTRIBUTION, ETC. | |
| Place of publication, distribution, etc. | New York : |
| Name of publisher, distributor, etc. | Scholastic , |
| Date of publication, distribution, etc. | 2013 |
| 300 ## - PHYSICAL DESCRIPTION | |
| Extent | 247 pages : |
| Dimensions | 21 cm |
| 505 ## - FORMATTED CONTENTS NOTE | |
| Formatted contents note | Z<br/> |
| 520 ## - SUMMARY, ETC. | |
| Summary, etc. | A monster assembled by a scientist from parts of dead bodies develops a mind of his own as he learns to loathe himself and hate his creator. |
| 521 8# - TARGET AUDIENCE NOTE | |
| Target audience note | 1210<br/> |
| Source | Lexile text analyzer<br/><br/><br/> |
| 521 8# - TARGET AUDIENCE NOTE | |
| Target audience note | Z<br/><br/> |
| Source | Raz-Plus<br/> |
| 700 ## - ADDED ENTRY--PERSONAL NAME | |
| Personal name | Mary Shelley |
| 942 ## - ADDED ENTRY ELEMENTS (KOHA) | |
| Source of classification or shelving scheme | Dewey Decimal Classification |
| Koha item type | Books |
| Suppress in OPAC | No |
| Withdrawn status | Lost status | Source of classification or shelving scheme | Damaged status | Not for loan | Collection | Home library | Current library | Shelving location | Date acquired | Total Checkouts | Full call number | Barcode | Date last seen | Date last checked out | Copy number | Price effective from | Koha item type |
|---|---|---|---|---|---|---|---|---|---|---|---|---|---|---|---|---|---|
| Dewey Decimal Classification | Fiction | Footprints International School Library Network Toul Kork Campus | Footprints International School Library Network Toul Kork Campus | 05/23/2024 | 1 | SHE PR5397.F7 823.7 | 2024-0680 | 04/24/2025 | 04/10/2025 | 1 | 05/23/2024 | Books | |||||
| Dewey Decimal Classification | Fiction | Footprints International School Library Network Toul Kork Campus | Footprints International School Library Network Toul Kork Campus | TK Chapter Book for Secondary Selves | 08/13/2024 | SHE 823.7 PR5397.F7 | 2024-0963 | 08/13/2024 | 08/13/2024 | Books |
